Giáo trình thống kê công nghiệp
Đã lưu trong:
| Hovedforfatter: | |
|---|---|
| Format: | Bog |
| Sprog: | Vietnamese |
| Udgivet: |
Thống kê
2003
|
| Tags: |
Tilføj Tag
Ingen Tags, Vær først til at tagge denne postø!
|
| Thư viện lưu trữ: | Mạng thư viện Đại học Đà Nẵng |
|---|
| LEADER | 00636nam a2200253 4500 | ||
|---|---|---|---|
| 001 | 000020413 | ||
| 003 | 16859 | ||
| 005 | 20150317150348.0 | ||
| 008 | 150317s2003 viesd | ||
| 020 | |c 27000 | ||
| 041 | 0 | |a vie | |
| 082 | 1 | 4 | |a 338.0021 |b NG-N |
| 100 | 1 | |a Nguyễn Công Nhự | |
| 245 | 1 | 0 | |a Giáo trình thống kê công nghiệp |c Nguyễn Công Nhự. |
| 260 | |b Thống kê |c 2003 | ||
| 300 | |a tr. |c cm. | ||
| OWN | |a LSP | ||
| 999 | |a From the UDN01 | ||
| TYP | |a Monograph | ||
| TYP | |a Printed language | ||
| 980 | |a Mạng thư viện Đại học Đà Nẵng | ||